Queen, New Mexico : a historical perspective on the settlement in the Guadalupe Mountains 1865-1975 /

Bibliographic Details
Main Author: Patterson, Jack B., Mrs. (Author)
Format: Book
Language:English
Published: Roswell, N.M. : Old Time Publications, [1985]
Subjects:

MARC

Tag First Indicator Second Indicator Subfields
LEADER 00000cam a2200000 a 4500
001 in00000998949
005 20230224160042.3
008 860619s1985 nmubchj 000 0 eng d
019 |a 12141947  |a 191123406 
035 |a (OCoLC)ocm13749627 
035 |a (OCoLC)13749627  |z (OCoLC)12141947  |z (OCoLC)191123406 
035 |a (OCoLC)ocm13749627 
040 |a NMH  |b eng  |c NMH  |d OCL  |d ENR  |d OCL  |d AQM  |d OCLCQ  |d TXP  |d OCLCQ  |d OCLCF  |d TXI  |d OCLCO  |d OCL  |d OCLCQ  |d TXA 
043 |a n-us-nm 
050 4 |a F804.Q44  |b P3 1985 
082 0 4 |a 978.942  |b P318q 
100 1 |a Patterson, Jack B.,  |c Mrs.,  |e author. 
245 1 0 |a Queen, New Mexico :  |b a historical perspective on the settlement in the Guadalupe Mountains 1865-1975 /  |c assembled by Mrs. Jack B. (Patricia) Patterson. 
264 1 |a Roswell, N.M. :  |b Old Time Publications,  |c [1985] 
300 |a 10 unnumbered pages, 232 pages :  |b illustrations, facsimiles, genealogical tables, maps, portraits ;  |c 23 cm 
336 |a text  |b txt  |2 rdacontent 
337 |a unmediated  |b n  |2 rdamedia 
338 |a volume  |b nc  |2 rdacarrier 
500 |a Signed by assembler. 
505 0 |a Guadalupe Mountains -- Patterson story -- Homesteading -- Land features -- Shattuck family -- Brands of Guadalupe Mountain settlers -- Pedigrees of Guadalupe Mountain settlers -- Captain Shattuck had a dream -- Life and adventures of Captain John S. Shattuck -- Many births in the mountains--deaths too! -- Election of 1890 -- Edwin Summerfield Shattuck -- Edwin Summerfield Shattuck--pioneer -- Ned Shattuck less afraid of mountain lion -- Dolph Shattuck trails killer Lobo three months -- Virginia Thayer Lucas -- Stories of the life of Grandma Mary E. Lester -- Roswell man buys ranch -- Pegues line -- Ralph Thayer was old-time pioneer == Thayer crest -- Middleton family -- Visit with Pearl Cochran Middleton -- McCollaum allotment -- John McCollaums and the forest service -- Life of David and Etta McCollaum--introduction -- Life of David and Etta McCollaum -- Notes from Seth McCollaum -- Sam Hughes walks to Dog Canyon -- Notes of interest from tapes at court house -- Lonely chimney stands sentinel over Queen -- Flying paper boy of the Guadalupes -- Letter to the editor -- Visit with Mrs. Josie (James) Finely -- Old-timer that came in 1884 -- Queens own several ranches -- Queens' daughter born -- Mr. and Mrs. Queen observe anniversary -- Look at the life of John C. Queen -- Sheepmen seek rights to kill sheep--killing lions -- Land plats. 
651 0 |a Queen (N.M.)  |x History. 
651 0 |a Guadalupe Mountains (N.M. and Tex.)  |x History. 
651 7 |a New Mexico  |z Queen.  |2 fast  |0 (OCoLC)fst01238346 
655 7 |a History.  |2 fast  |0 (OCoLC)fst01411628 
948 |h HELD BY TXA - 39 OTHER HOLDINGS 
994 |a Z0  |b TXA 
999 f f |s 48b8c568-8caf-39a3-8c5b-d247d0bdfe35  |i 7947bab9-9363-3ad5-8f61-c705822c5031  |t 0 
952 f f |p noncirc  |a Texas A&M University  |b College Station  |c Cushing Memorial Library & Archives  |d Cushing: Dykes (Does not check out)  |t 0  |e F804.Q44 P3 1985  |h Library of Congress classification  |i unmediated -- volume  |m A14851734179 
952 f f |p noncirc  |a Texas A&M University  |b College Station  |c Cushing Memorial Library & Archives  |d Cushing: Dykes (Does not check out)  |t 0  |e F804.Q44 P3 1985  |h Library of Congress classification  |i unmediated -- volume  |m A14851734161 
998 f f |a F804.Q44 P3 1985  |t 0  |l Cushing: Dykes (Does not check out) 
998 f f |a F804.Q44 P3 1985  |t 0  |l Cushing: Dykes (Does not check out)